Sklep na S - Statystyki

Ogólne statystyki
  • Ten quiz został rozwiązany 61 razy
  • Średni wynik to 3 z 8
Statystyki odpowiedzi
Odpowiedź % Poprawnych
Stokrotka
71%
Sinsey
63%
Smyk
33%
Stradivarius
29%
Sephora
27%
Shein
27%
Społem
21%
Selgros
17%
Nie znaleziono quizów pasujących do podanych kryteriów
Rozkład punktacji
Procent ludzi z każdym wynikiem
Percentyl według liczby udzielonych odpowiedzi
Twoja historia wyników
Nie rozwiązałeś tego quizu